Countries by landmarks - Statistics

General Stats
  • This quiz has been taken 437 times
    235 since last reset
  • The average score is 12 of 15
Answer Stats
Hint Answer % Correct
Eiffel Tower France
100%
Taj Mahal India
99%
Empire State Building America
97%
Colosseum Italy
93%
Machu Picchu Peru
92%
Christ the Redeemer Brazil
91%
Mt. Everest Nepal
90%
Lighthouse of Alexandria Egypt
81%
The Brandenburg Gate Germany
81%
Stonehenge England
80%
Ayers Rock Australia
76%
St. Basil’s Cathedral Russia
70%
Masjid AL Haram Saudi Arabia
53%
Victoria Falls Zimbabwe
47%
Giants Cuaseway Ireland
36%
No matching quizzes found
Score Distribution
Percent of People with Each Score
Percentile by Number Answered
Your Score History
You have not taken this quiz since the last reset